[Event "BRA-ch Amateurs U2300"]
[Site "Sao Paulo"]
[Date "2024.06.01"]
[Round "6"]
[White "De Melo Lima, Caio Fernandes"]
[Black "Passos, Rafael Moreira"]
[Result "1-0"]
[WhiteElo "2015"]
[BlackElo "1941"]
[PlyCount "47"]
[EventDate "2024.05.30"]
[EventType "swiss"]
[EventRounds "7"]
[EventCountry "BRA"]
[SourceTitle "CBM 220 Extra"]
[Source "ChessBase"]
[SourceDate "2024.07.31"]
[SourceVersion "1"]
[SourceVersionDate "2024.07.31"]
[SourceQuality "1"]

1. d4 Nf6 2. Nf3 g6 3. g3 Bg7 4. Bg2 0-0 5. 0-0 d6 6. b3 Nbd7 7. Bb2 e5 8. dxe5 Nh5 9. Qc1 dxe5 10. Rd1 Qe7 11. Nc3 Re8 12. Nd2 Nhf6 13. a4 c6 14. a5 Bh6 15. e3 Nb8 16. Nc4 Bg4 17. Ba3 Qc7 18. Bd6 Qc8 19. Rd2 Qf5 20. Qf1 e4 21. Bc7 Na6 22. Nd6 Qc5 23. Na4 Qb4 24. Rd4 1-0

[Event "BRA-ch Amateurs U2300"]
[Site "Sao Paulo"]
[Date "2024.06.01"]
[Round "5"]
[White "Passos, Rafael Moreira"]
[Black "Silva, Henrique Brasil Bar"]
[Result "1-0"]
[WhiteElo "1941"]
[BlackElo "1776"]
[PlyCount "83"]
[EventDate "2024.05.30"]
[EventType "swiss"]
[EventRounds "7"]
[EventCountry "BRA"]
[SourceTitle "CBM 220 Extra"]
[Source "ChessBase"]
[SourceDate "2024.07.31"]
[SourceVersion "1"]
[SourceVersionDate "2024.07.31"]
[SourceQuality "1"]

1. e4 c6 2. d4 d5 3. e5 Bf5 4. h4 h5 5. Bd3 Bxd3 6. Qxd3 Qa5+ 7. Nd2 Qa6 8. e6 Qxd3 9. exf7+ Kxf7 10. cxd3 e6 11. Ngf3 Bd6 12. 0-0 Nh6 13. Ng5+ Kf6 14. f4 Nf5 15. Ndf3 Na6 16. Re1 Rae8 17. a3 Nc7 18. b4 b6 19. Kf2 c5 20. dxc5 bxc5 21. Bb2+ d4 22. Ne4+ Ke7 23. Nxd6 Kxd6 24. bxc5+ Kxc5 25. Rac1+ Kd6 26. Bxd4 Nxd4 27. Nxd4 Rhf8 28. Kg3 Rf6 29. Re4 Rb8 30. a4 Rb2 31. Rc2 Rb1 32. Re5 Rg6+ 33. Kf2 Rb4 34. Rc4 Rb2+ 35. Re2 Rxe2+ 36. Nxe2 Nd5 37. g3 e5 38. fxe5+ Kxe5 39. Rc5 Kd6 40. Rxd5+ Kxd5 41. Nf4+ Kd4 42. Nxg6 1-0

[Event "BRA-ch Amateurs U2300"]
[Site "Sao Paulo"]
[Date "2024.05.30"]
[Round "2"]
[White "Passos, Rafael Moreira"]
[Black "Batista, Renato Luiz"]
[Result "0-1"]
[WhiteElo "1941"]
[BlackElo "2188"]
[PlyCount "82"]
[EventDate "2024.05.30"]
[EventType "swiss"]
[EventRounds "7"]
[EventCountry "BRA"]
[SourceTitle "CBM 220 Extra"]
[Source "ChessBase"]
[SourceDate "2024.07.31"]
[SourceVersion "1"]
[SourceVersionDate "2024.07.31"]
[SourceQuality "1"]

1. e4 c5 2. Nf3 d6 3. d4 cxd4 4. Nxd4 Nf6 5. Nc3 g6 6. Be3 Bg7 7. f3 0-0 8. Qd2 Nc6 9. g4 Nxd4 10. Bxd4 Be6 11. h4 Qa5 12. h5 Rfc8 13. a3 Bc4 14. hxg6 hxg6 15. b4 Qc7 16. Bxc4 Qxc4 17. Nd5 Re8 18. 0-0-0 Rac8 19. Rh2 e5 20. Nxf6+ Bxf6 21. Bb2 Rc6 22. g5 Bg7 23. Qd5 Qxd5 24. Rxd5 a6 25. a4 Re6 26. b5 Rc4 27. bxa6 bxa6 28. Ra5 Rc6 29. Kd1 f6 30. Bc1 f5 31. Be3 Re7 32. Kd2 Rec7 33. Kd1 Rb7 34. Rd2 fxe4 35. fxe4 Rb4 36. Rad5 Bf8 37. Ke2 Rxe4 38. a5 Be7 39. Kf3 Rec4 40. c3 Rxc3 41. Rb2 Bxg5 0-1

[Event "Pocos de Caldas op"]
[Site "Pocos de Caldas"]
[Date "2023.03.17"]
[Round "2"]
[White "Passos, Rafael Moreira"]
[Black "Dias, Guilherme Augusto B"]
[Result "1-0"]
[WhiteElo "1881"]
[BlackElo "1452"]
[PlyCount "53"]
[EventDate "2023.03.17"]
[EventType "swiss"]
[EventRounds "6"]
[EventCountry "BRA"]
[SourceTitle "EXT 2024"]
[Source "ChessBase"]
[SourceDate "2023.10.10"]
[SourceVersion "1"]
[SourceVersionDate "2023.10.10"]
[SourceQuality "1"]

1. e4 c5 2. Nc3 e6 3. f4 d5 4. Nf3 Nc6 5. Bb5 Nge7 6. exd5 exd5 7. Qe2 Qd6 8. 0-0 a6 9. Bxc6+ Qxc6 10. d3 Qe6 11. Qf2 Qd6 12. Re1 Be6 13. d4 c4 14. Ng5 g6 15. Na4 Bg7 16. Nxe6 fxe6 17. Nc5 Nf5 18. Rxe6+ Kf7 19. Rxd6 Bxd4 20. Rd7+ Ke8 21. Rxd5 Bxf2+ 22. Kxf2 b5 23. Bd2 Ne7 24. Re1 Kf7 25. Rd7 Rhe8 26. Bb4 Rad8 27. Rexe7+ 1-0

[Event "Florianopolis op 9th"]
[Site "Florianopolis"]
[Date "2023.01.24"]
[Round "3"]
[White "Vargas, Gabriela"]
[Black "Passos, Rafael Moreira"]
[Result "1-0"]
[WhiteElo "2145"]
[BlackElo "1891"]
[PlyCount "57"]
[EventDate "2023.01.23"]
[EventType "swiss"]
[EventRounds "10"]
[EventCountry "BRA"]
[SourceTitle "CBM 212 Extra"]
[Source "ChessBase"]
[SourceDate "2023.03.31"]
[SourceVersion "1"]
[SourceVersionDate "2023.03.31"]
[SourceQuality "1"]

1. d4 Nf6 2. Nf3 d5 3. Bg5 Ne4 4. Bf4 c5 5. c3 cxd4 6. cxd4 Nc6 7. Nbd2 e6 8. a3 Be7 9. h4 Qb6 10. Rb1 Nxd2 11. Bxd2 Nxd4 12. Be3 Nxf3+ 13. exf3 Bc5 14. Bxc5 Qxc5 15. Bd3 Bd7 16. h5 Rc8 17. h6 g6 18. 0-0 0-0 19. Qd2 Bb5 20. Qf4 Rfd8 21. Rbc1 Bc4 22. b3 Qxa3 23. Qf6 Qf8 24. bxc4 Qxh6 25. cxd5 Rxc1 26. Qxd8+ Kg7 27. dxe6 Qd2 28. e7 Rxf1+ 29. Bxf1 1-0

[Event "BRA-ch U2000 Amateurs"]
[Site "Sao Paulo"]
[Date "2022.06.18"]
[Round "6"]
[White "Passos, Rafael Moreira"]
[Black "Santos, Sidney Marcus"]
[Result "1-0"]
[WhiteElo "1915"]
[BlackElo "1731"]
[PlyCount "63"]
[EventDate "2022.06.16"]
[EventType "swiss"]
[EventRounds "7"]
[EventCountry "BRA"]
[SourceTitle "CBM 208 Extra"]
[Source "ChessBase"]
[SourceDate "2022.07.31"]
[SourceVersion "1"]
[SourceVersionDate "2022.07.31"]
[SourceQuality "1"]

1. e4 c5 2. Nf3 d6 3. d4 cxd4 4. Nxd4 Nf6 5. Nc3 a6 6. Bg5 e6 7. f4 Be7 8. Qf3 Qc7 9. 0-0-0 Nbd7 10. g4 b5 11. Bxf6 Nxf6 12. g5 Nd7 13. f5 Bxg5+ 14. Kb1 Ne5 15. Qh5 Bf6 16. Nxe6 Bxe6 17. fxe6 g6 18. Nd5 Qd8 19. exf7+ Kxf7 20. Qh3 Kg7 21. Be2 Rf8 22. Rdf1 Qd7 23. Qg3 Rab8 24. h4 Nc4 25. Bxc4 Be5 26. Qe3 bxc4 27. Rxf8 Rxb2+ 28. Kc1 Kxf8 29. Rf1+ Kg7 30. Qf2 Rb8 31. Nf6 Qe6 32. Qa7+ 1-0

[Event "BRA-ch U2000 Amateurs"]
[Site "Sao Paulo"]
[Date "2022.06.16"]
[Round "1"]
[White "Conor, Gilberto Bordignon"]
[Black "Passos, Rafael Moreira"]
[Result "0-1"]
[WhiteElo "1714"]
[BlackElo "1915"]
[PlyCount "69"]
[EventDate "2022.06.16"]
[EventType "swiss"]
[EventRounds "7"]
[EventCountry "BRA"]
[SourceTitle "CBM 208 Extra"]
[Source "ChessBase"]
[SourceDate "2022.07.31"]
[SourceVersion "1"]
[SourceVersionDate "2022.07.31"]
[SourceQuality "1"]

1. e4 c5 2. Nf3 e6 3. d4 cxd4 4. Nxd4 Nc6 5. Nb5 d6 6. Bf4 e5 7. Be3 Nf6 8. N1c3 a6 9. Na3 b5 10. Nd5 Nxd5 11. exd5 Ne7 12. Be2 Bb7 13. c4 bxc4 14. Nxc4 Nxd5 15. 0-0 Be7 16. Bf3 Nxe3 17. fxe3 Bxf3 18. Qxf3 0-0 19. Rad1 Rc8 20. Nxe5 Bf6 21. Ng4 Bxb2 22. Qg3 Qg5 23. Rf5 Qg6 24. Qf4 Rc1 25. Rxc1 Bxc1 26. Rg5 Qe6 27. Qd4 f6 28. Rh5 f5 29. Qc3 Rc8 30. Qd3 g6 31. Nh6+ Kf8 32. Rh3 f4 33. exf4 Qe1+ 34. Qf1 Be3+ 35. Rxe3 0-1

[Event "Florianopolis op 8th"]
[Site "Florianopolis"]
[Date "2022.01.25"]
[Round "3"]
[White "Passos, Rafael Moreira"]
[Black "Moretto, Heitor Frainer"]
[Result "1-0"]
[WhiteElo "1906"]
[BlackElo "1587"]
[PlyCount "99"]
[EventDate "2022.01.24"]
[EventType "swiss"]
[EventRounds "10"]
[EventCountry "BRA"]
[SourceTitle "CBM 206 Extra"]
[Source "ChessBase"]
[SourceDate "2022.03.31"]
[SourceVersion "1"]
[SourceVersionDate "2022.03.31"]
[SourceQuality "1"]

1. e4 e6 2. d3 d5 3. Nd2 Nf6 4. Ngf3 Nc6 5. c3 dxe4 6. dxe4 Bc5 7. Bc4 a5 8. 0-0 e5 9. Qe2 0-0 10. h3 Qe7 11. Rd1 Be6 12. Bb5 Na7 13. Bc4 Nc6 14. Bb5 Na7 15. Bd3 Nc6 16. Nc4 Bc8 17. Bg5 h6 18. Be3 Re8 19. Rd2 Nh5 20. Nfxe5 Nxe5 21. Qxh5 Bxe3 22. Nxe3 Nxd3 23. Rxd3 Qxe4 24. Rad1 Be6 25. Rd4 Qc6 26. Nf5 Bxf5 27. Qxf5 Qe6 28. Qb5 b6 29. Rd7 Rac8 30. Qd5 Qxd5 31. R1xd5 Re2 32. Rd2 Rxd2 33. Rxd2 Kf8 34. Kf1 Ke7 35. Ke2 Rd8 36. Rxd8 Kxd8 37. Kd3 Kd7 38. Kc4 Kc6 39. a4 h5 40. h4 f6 41. g3 g6 42. f4 f5 43. b3 Kd6 44. Kb5 Kd5 45. b4 Kd6 46. bxa5 bxa5 47. c4 c6+ 48. Kb6 c5 49. Kxa5 Kc6 50. Ka6 1-0

[Event "BRA-ch 87th"]
[Site "Cuiaba"]
[Date "2021.10.31"]
[Round "6"]
[White "Federzoni, Enzo"]
[Black "Passos, Rafael Moreira"]
[Result "1-0"]
[WhiteElo "2215"]
[BlackElo "1893"]
[PlyCount "57"]
[EventDate "2021.10.28"]
[EventType "swiss"]
[EventRounds "11"]
[EventCountry "BRA"]
[SourceTitle "CBM 205 Extra"]
[Source "ChessBase"]
[SourceDate "2022.01.31"]
[SourceVersion "1"]
[SourceVersionDate "2022.01.31"]
[SourceQuality "1"]

1. e4 c5 2. Nf3 e6 3. d4 cxd4 4. Nxd4 Nc6 5. Nc3 Qc7 6. f4 a6 7. Nb3 d6 8. Be3 Nf6 9. Bd3 Be7 10. Qf3 Nd7 11. 0-0 b6 12. f5 Nce5 13. Qg3 Bf6 14. fxe6 fxe6 15. Nd4 Nc5 16. Bg5 Bxg5 17. Qxg5 Qe7 18. Qh5+ g6 19. Qe2 Bb7 20. Bc4 Nxc4 21. Qxc4 Kd7 22. b4 Nxe4 23. Na4 Nd2 24. Nxb6+ Ke8 25. Qe2 Nxf1 26. Nxa8 Ne3 27. Qxe3 Bxa8 28. Nxe6 Kd7 29. Qa7+ 1-0

[Event "BRA-ch 87th"]
[Site "Cuiaba"]
[Date "2021.10.30"]
[Round "4"]
[White "Filimberti Uczai, Joao Pedro"]
[Black "Passos, Rafael Moreira"]
[Result "1-0"]
[WhiteElo "2058"]
[BlackElo "1893"]
[PlyCount "45"]
[EventDate "2021.10.28"]
[EventType "swiss"]
[EventRounds "11"]
[EventCountry "BRA"]
[SourceTitle "CBM 205 Extra"]
[Source "ChessBase"]
[SourceDate "2022.01.31"]
[SourceVersion "1"]
[SourceVersionDate "2022.01.31"]
[SourceQuality "1"]

1. e4 c5 2. b3 Nc6 3. Bb2 e5 4. f4 exf4 5. Nf3 Nf6 6. Nc3 Be7 7. Be2 d6 8. 0-0 0-0 9. d4 d5 10. Nxd5 Nxe4 11. Nxe7+ Nxe7 12. Bd3 Nf6 13. c4 Ng4 14. Qd2 Ne3 15. Rf2 cxd4 16. Nxd4 N3f5 17. Rxf4 Re8 18. Re1 g6 19. Bxf5 Nxf5 20. Rxe8+ Qxe8 21. Nxf5 Bxf5 22. Rxf5 Qe4 23. Qc3 1-0

[Event "BRA-ch 87th"]
[Site "Cuiaba"]
[Date "2021.10.29"]
[Round "2"]
[White "Luz, Arthur Nader"]
[Black "Passos, Rafael Moreira"]
[Result "1-0"]
[WhiteElo "2149"]
[BlackElo "1893"]
[PlyCount "57"]
[EventDate "2021.10.28"]
[EventType "swiss"]
[EventRounds "11"]
[EventCountry "BRA"]
[SourceTitle "CBM 205 Extra"]
[Source "ChessBase"]
[SourceDate "2022.01.31"]
[SourceVersion "1"]
[SourceVersionDate "2022.01.31"]
[SourceQuality "1"]

1. d4 d5 2. Bf4 Nf6 3. e3 c5 4. Nf3 e6 5. Nbd2 Bd6 6. c3 0-0 7. Bg3 Qc7 8. Ne5 Nbd7 9. f4 b6 10. Bd3 Bb7 11. Qf3 Rad8 12. Bh4 Rfe8 13. Qh3 Be7 14. Bb5 Nxe5 15. fxe5 Nd7 16. 0-0 Bxh4 17. Qxh4 a6 18. Bd3 Nf8 19. Rf3 Qe7 20. Qh5 g6 21. Qh6 Nd7 22. Rh3 f5 23. exf6 Nxf6 24. Bxg6 hxg6 25. Qh8+ Kf7 26. Rh7+ Nxh7 27. Qxh7+ Kf6 28. Rf1+ Kg5 29. h4+ 1-0

[Event "BRA-ch 87th"]
[Site "Cuiaba"]
[Date "2021.10.29"]
[Round "3"]
[White "Passos, Rafael Moreira"]
[Black "Ferreira, Thales Bond Dias"]
[Result "1/2-1/2"]
[WhiteElo "1893"]
[BlackElo "1805"]
[PlyCount "54"]
[EventDate "2021.10.28"]
[EventType "swiss"]
[EventRounds "11"]
[EventCountry "BRA"]
[SourceTitle "CBM 205 Extra"]
[Source "ChessBase"]
[SourceDate "2022.01.31"]
[SourceVersion "1"]
[SourceVersionDate "2022.01.31"]
[SourceQuality "1"]

1. d4 Nf6 2. c4 e6 3. g3 Bb4+ 4. Bd2 Bxd2+ 5. Qxd2 d5 6. Bg2 0-0 7. Nf3 c6 8. 0-0 Nbd7 9. Qc2 Re8 10. Nbd2 b6 11. e4 dxe4 12. Nxe4 Nxe4 13. Qxe4 Bb7 14. Ne5 Nf6 15. Qf4 Rc8 16. Rad1 Qe7 17. Rfe1 c5 18. Bxb7 Qxb7 19. dxc5 bxc5 20. Rd2 Red8 21. Red1 Rxd2 22. Rxd2 h6 23. g4 Qc7 24. Qe3 Rd8 25. Rxd8+ Qxd8 26. Qxc5 Qd1+ 27. Kg2 Nxg4 1/2-1/2

[Event "American Continental 15th"]
[Site "Sao Paulo"]
[Date "2019.07.07"]
[Round "3"]
[White "Passos, Rafael Moreira"]
[Black "Souza, Wellington"]
[Result "1-0"]
[WhiteElo "1808"]
[BlackElo "2097"]
[PlyCount "63"]
[EventDate "2019.07.05"]
[EventType "swiss"]
[EventRounds "11"]
[EventCountry "BRA"]
[SourceTitle "CBM 191 Extra"]
[Source "ChessBase"]
[SourceDate "2019.09.30"]
[SourceVersion "1"]
[SourceVersionDate "2019.09.30"]
[SourceQuality "1"]

1. d4 Nf6 2. c4 e6 3. g3 d5 4. Bg2 c5 5. Nf3 Nc6 6. cxd5 exd5 7. Nc3 cxd4 8. Nxd4 Bc5 9. Nb3 Bb4 10. 0-0 Bxc3 11. bxc3 0-0 12. Bg5 Be6 13. Nd4 Ne5 14. Qb3 Rb8 15. Bxf6 gxf6 16. Rfd1 f5 17. Qc2 Rc8 18. e4 fxe4 19. Bxe4 Qf6 20. Bxh7+ Kg7 21. Bf5 Nf3+ 22. Nxf3 Bxf5 23. Qa4 Rc4 24. Qxa7 Bg4 25. Nd2 Bxd1 26. Nxc4 dxc4 27. Rxd1 Qxc3 28. Qxb7 Re8 29. Qd5 Re1+ 30. Kg2 Rxd1 31. Qxd1 Qb2 32. Qg4+ 1-0

[Event "BRA-ch sf1"]
[Site "Brasilia"]
[Date "2019.06.09"]
[Round "5"]
[White "Valcarcel, Victor Ignacio Sant"]
[Black "Passos, Rafael Moreira"]
[Result "1-0"]
[WhiteElo "1881"]
[BlackElo "1822"]
[PlyCount "71"]
[EventDate "2019.06.07"]
[EventType "swiss"]
[EventRounds "5"]
[EventCountry "BRA"]
[SourceTitle "CBM 190 Extra"]
[Source "ChessBase"]
[SourceDate "2019.07.15"]
[SourceVersion "1"]
[SourceVersionDate "2019.07.15"]
[SourceQuality "1"]

1. e4 c5 2. Nf3 e6 3. c4 Nc6 4. d4 cxd4 5. Nxd4 Nf6 6. Nc3 Bb4 7. Nxc6 bxc6 8. Bg5 h6 9. Bxf6 Qxf6 10. Qc2 Bxc3+ 11. Qxc3 Qxc3+ 12. bxc3 d6 13. Rb1 Ba6 14. Kd2 Ke7 15. c5 Bxf1 16. cxd6+ Kxd6 17. Rhxf1 Rab8 18. Rb3 Rb6 19. Rfb1 Rhb8 20. f4 f5 21. exf5 exf5 22. Kc2 Kc5 23. Re1 Kd6 24. c4 Rxb3 25. axb3 c5 26. Ra1 Rb7 27. g3 Re7 28. Ra6+ Kd7 29. Rxa7+ Ke8 30. Rxe7+ Kxe7 31. b4 cxb4 32. Kb3 g5 33. Kxb4 Kd6 34. Kb5 Kc7 35. Kc5 Kd7 36. Kb6 1-0

[Event "BRA-ch U16"]
[Site "Juiz de Fora"]
[Date "2019.04.19"]
[Round "3"]
[White "Passos, Rafael Moreira"]
[Black "Gomes, Pedro Pessoa"]
[Result "0-1"]
[WhiteElo "1813"]
[BlackElo "1647"]
[PlyCount "52"]
[EventDate "2019.04.18"]
[EventType "swiss"]
[EventRounds "6"]
[EventCountry "BRA"]
[SourceTitle "CBM 190 Extra"]
[Source "ChessBase"]
[SourceDate "2019.07.15"]
[SourceVersion "1"]
[SourceVersionDate "2019.07.15"]
[SourceQuality "1"]

1. d4 Nf6 2. Nf3 g6 3. Bg5 Bg7 4. c3 d5 5. Nbd2 0-0 6. e3 Bg4 7. h3 Bxf3 8. Nxf3 Nbd7 9. Bd3 c5 10. Qe2 cxd4 11. exd4 e6 12. Ne5 Qc7 13. Bf4 Nxe5 14. Bxe5 Qc6 15. Qf3 Nd7 16. Bxg7 Kxg7 17. h4 Rae8 18. Qe2 e5 19. Bb5 Qd6 20. Bxd7 Qxd7 21. dxe5 Qf5 22. 0-0 Rxe5 23. Qd2 Re4 24. Qg5 Qxg5 25. hxg5 Re2 26. b3 Rc8 0-1

[Event "Catalao op 1st"]
[Site "Catalao"]
[Date "2019.02.09"]
[Round "3"]
[White "Passos, Rafael Moreira"]
[Black "Taira, Erick Hideki"]
[Result "1-0"]
[WhiteElo "1788"]
[BlackElo "1903"]
[PlyCount "53"]
[EventDate "2019.02.09"]
[EventType "swiss"]
[EventRounds "5"]
[EventCountry "BRA"]
[SourceTitle "CBM 189 Extra"]
[Source "ChessBase"]
[SourceDate "2019.05.31"]
[SourceVersion "1"]
[SourceVersionDate "2019.05.31"]
[SourceQuality "1"]

1. d4 d5 2. c4 c6 3. Nf3 Nf6 4. e3 e6 5. b3 Nbd7 6. Bb2 Bd6 7. Nbd2 0-0 8. Bd3 Re8 9. Ne5 dxc4 10. Bxc4 Qc7 11. f4 b5 12. Bd3 a6 13. Rc1 Bb7 14. 0-0 c5 15. Ndf3 Qb6 16. Kh1 Rad8 17. Qe2 cxd4 18. Bxd4 Bc5 19. Nxd7 Nxd7 20. Bxh7+ Kxh7 21. Ng5+ Kg8 22. Qh5 Bxd4 23. Qxf7+ Kh8 24. exd4 Qxd4 25. Qh5+ Kg8 26. Qh7+ Kf8 27. Nxe6+ 1-0

[Event "Brasilia Terraviva op"]
[Site "Brasilia"]
[Date "2019.01.13"]
[Round "7"]
[White "Souza, Iago Henrique Da Si"]
[Black "Passos, Rafael Moreira"]
[Result "1/2-1/2"]
[WhiteElo "2060"]
[BlackElo "1732"]
[PlyCount "134"]
[EventDate "2019.01.10"]
[EventType "swiss"]
[EventRounds "7"]
[EventCountry "BRA"]
[SourceTitle "CBM 188 Extra"]
[Source "ChessBase"]
[SourceDate "2019.02.28"]
[SourceVersion "1"]
[SourceVersionDate "2019.02.28"]
[SourceQuality "1"]

1. d4 Nf6 2. Nf3 g6 3. Nbd2 d5 4. e3 Bg7 5. Bd3 0-0 6. 0-0 Nbd7 7. b3 c5 8. Bb2 b6 9. c4 Bb7 10. Qb1 e6 11. Rd1 Qe7 12. a3 Rfd8 13. Re1 Rac8 14. e4 dxe4 15. Nxe4 Nxe4 16. Bxe4 Bxe4 17. Qxe4 cxd4 18. Nxd4 Nc5 19. Qe3 Bxd4 20. Bxd4 Rxd4 21. Qxd4 Nxb3 22. Qe4 Nxa1 23. Rxa1 Qc5 24. g3 Qxc4 25. Qb7 Qc7 26. Qe4 Qc3 27. Rd1 Qxa3 28. Rd7 Qc1+ 29. Kg2 Qc6 30. Qxc6 Rxc6 31. Rxa7 Kg7 32. Rb7 g5 33. g4 Kg6 34. h3 f5 35. gxf5+ exf5 36. Rb8 Kh5 37. f4 g4 38. Rg8 Rc2+ 39. Kg1 h6 40. hxg4+ fxg4 41. f5 Rc5 42. Rb8 b5 43. f6 Rf5 44. f7 Rxf7 45. Rxb5+ Kh4 46. Kg2 Rc7 47. Rb2 h5 48. Ra2 Rf7 49. Rb2 Kg5 50. Rb5+ Rf5 51. Rb8 h4 52. Rg8+ Kf4 53. Rg7 Ra5 54. Rf7+ Kg5 55. Rg7+ Kf5 56. Rf7+ Kg6 57. Rf8 Ra2+ 58. Kg1 Kg5 59. Rf7 h3 60. Kh1 Kh4 61. Rf1 Kg3 62. Rb1 h2 63. Rb3+ Kh4 64. Rh3+ Kg5 65. Rh5+ Kf4 66. Rf5+ Kg3 67. Rf3+ Kxf3 1/2-1/2

[Event "Brasilia Etapa do Rei op"]
[Site "Brasilia"]
[Date "2019.??.??"]
[Round "3"]
[White "Passos, Rafael Moreira"]
[Black "De Souza, Robson Luiz"]
[Result "1-0"]
[WhiteElo "1800"]
[BlackElo "1800"]
[PlyCount "107"]
[EventDate "2019.03.22"]
[EventType "swiss"]
[EventRounds "6"]
[EventCountry "BRA"]
[SourceTitle "CBM 190 Extra"]
[Source "ChessBase"]
[SourceDate "2019.07.15"]
[SourceVersion "1"]
[SourceVersionDate "2019.07.15"]
[SourceQuality "1"]

1. d4 Nf6 2. c4 g6 3. Nf3 Bg7 4. g3 d6 5. Bg2 c6 6. 0-0 0-0 7. Nc3 Be6 8. d5 Bd7 9. e4 Ng4 10. Qb3 Qc7 11. h3 Ne5 12. Nxe5 Bxe5 13. f4 Bd4+ 14. Kh2 Na6 15. Qc2 Nb4 16. Qd2 c5 17. a3 Na6 18. Qd3 f5 19. Nb5 Qb6 20. Nxd4 cxd4 21. Rd1 fxe4 22. Qxe4 d3 23. Qxd3 Nc5 24. Qe3 Rae8 25. b4 Na4 26. Qxb6 Nxb6 27. c5 dxc5 28. bxc5 Na4 29. Be3 a6 30. Rdb1 Bb5 31. Bd4 h6 32. Bf1 Bxf1 33. Rxf1 Rb8 34. Rab1 Rfd8 35. Rb4 Nxc5 36. Bxc5 Rd7 37. Re1 Kf7 38. Rbe4 Re8 39. Re5 b5 40. g4 Rc7 41. d6 Rd7 42. Rxe7+ Rexe7 43. Rxe7+ Rxe7 44. dxe7 Ke8 45. f5 gxf5 46. gxf5 Kf7 47. Kg3 a5 48. Kf4 b4 49. axb4 axb4 50. Bxb4 Ke8 51. Ke5 Kf7 52. f6 Ke8 53. Ke6 h5 54. f7# 1-0

[Event "Brasilia Etapa do Rei op"]
[Site "Brasilia"]
[Date "2019.??.??"]
[Round "5"]
[White "Passos, Rafael Moreira"]
[Black "Taira, Erick Hideki"]
[Result "0-1"]
[WhiteElo "1800"]
[BlackElo "1838"]
[PlyCount "108"]
[EventDate "2019.03.22"]
[EventType "swiss"]
[EventRounds "6"]
[EventCountry "BRA"]
[SourceTitle "CBM 190 Extra"]
[Source "ChessBase"]
[SourceDate "2019.07.15"]
[SourceVersion "1"]
[SourceVersionDate "2019.07.15"]
[SourceQuality "1"]

1. d4 d5 2. c4 dxc4 3. Nf3 Nf6 4. e3 e6 5. Bxc4 c5 6. 0-0 a6 7. Bb3 b5 8. a4 c4 9. Bc2 Bb7 10. b3 Bd6 11. bxc4 bxc4 12. Nc3 Nbd7 13. Rb1 Qc7 14. e4 e5 15. Bg5 exd4 16. Qxd4 Bc5 17. Qd2 0-0 18. Bf4 Qc8 19. e5 Nh5 20. Be3 Bxf3 21. Bxc5 Qxc5 22. Qxd7 Qxe5 23. Rfc1 Qg5 24. Qh3 Bg4 25. Qe3 Qxe3 26. fxe3 Rab8 27. Bd1 Bxd1 28. Nxd1 Rxb1 29. Rxb1 g6 30. Rb6 Rd8 31. Nf2 Rc8 32. Kf1 c3 33. Rb1 Nf6 34. Ke2 Nd5 35. Rc1 Nb4 36. Ne4 c2 37. Kd2 Rd8+ 38. Ke2 a5 39. Ng5 Kg7 40. Nf3 Kf6 41. Nd4 Rc8 42. Kd2 Ke5 43. Nf3+ Kd5 44. Nd4 Ke4 45. Nb5 Rd8+ 46. Nd4 f5 47. Ke2 Rc8 48. Nb5 Rc5 49. Kd2 Rd5+ 50. Ke2 Rd3 51. Kf2 Rd2+ 52. Kg3 Na2 53. Nd6+ Kd5 54. Nc4 Kxc4 0-1

[Event "BRA-ch sf1"]
[Site "Brasilia"]
[Date "2018.06.15"]
[Round "1.2"]
[White "Passos, Rafael Moreira"]
[Black "Gisclan, Heverton"]
[Result "1-0"]
[WhiteElo "1739"]
[BlackElo "2151"]
[PlyCount "77"]
[EventDate "2018.06.15"]
[EventType "swiss"]
[EventRounds "5"]
[EventCountry "BRA"]
[SourceTitle "EXT 2022"]
[Source "ChessBase"]
[SourceDate "2021.10.06"]
[SourceVersion "1"]
[SourceVersionDate "2021.10.06"]
[SourceQuality "1"]

1. d4 Nf6 2. Nf3 g6 3. Bg5 Bg7 4. Nbd2 h6 5. Bh4 g5 6. Bg3 Nh5 7. e4 Nxg3 8. hxg3 c5 9. Nb3 cxd4 10. Nfxd4 e6 11. c3 a6 12. a4 Qc7 13. Bd3 d6 14. Qf3 Nd7 15. Qe2 Ne5 16. Bc2 Bd7 17. Nd2 Rc8 18. 0-0 0-0 19. f4 Nc4 20. fxg5 Bxd4+ 21. cxd4 Nxd2 22. gxh6 Kh8 23. Qxd2 f6 24. Rac1 Qb6 25. b3 e5 26. a5 Qxd4+ 27. Qxd4 exd4 28. Rfd1 Rc6 29. Bd3 Bg4 30. Rxc6 bxc6 31. Rc1 c5 32. Bxa6 Ra8 33. Bc4 Rxa5 34. Rf1 f5 35. exf5 d5 36. Bxd5 d3 37. f6 Bh5 38. f7 Bxf7 39. Bxf7 1-0